000 00291nam a22000977a 4500
005 20250901165248.0
008 210301b ||||| |||| 00| 0 eng d
050 _aQR41.2 .N47
245 _aMicrobiology
_b a human perspective
_cNESTER, EUGENE W.
942 _2lcc
_hQR41.2 .N47 1995
999 _c1178
_d1178